000 02445cam a2200289o 4500
001 10577742
003 CaAEU
005 20250616074552.0
008 240407s2024 xx 0|| 0 eng d
020 _a9781785658501
035 _a(OCoLC)1428894800
040 _aYDX
_beng
_cYDX
041 _aeng
100 _aSchwab, Victoria
_924978
_eauthor
245 1 0 _aFragile threads of power
_c/ Victoria Schwab.
260 _aLondon :
_bTitan Books,
_c2024.
300 _a615 pages ;
_c20 cm.
520 _aThe Sunday Times bestseller, launching a new trilogy in the Shades of Magic universe, an enchanting and thrilling epic fantasy from the international sensation, V. E. Schwab, perfect for fans of Samantha Shannon, Kerri Maniscalco, Leigh Bardugo and R. F. Kuang. Seven years have passed since the doors between the worlds were sealed. Seven years since Kell, Lila and Holland stood against Osaron, a desperate battle that saved the worlds of Red, Grey and White London. Seven years since Kell's magic was shattered, and Holland lost his life. Now Rhy Maresh rules Red London with his new family - his queen, Nadiya, their daughter Ren, and his consort, Alucard. But his city boils with conspiracy and rebellion, fuelled by rumours he is causing magic to fade from the word. Now Kosika, a child Antari, sits on the throne of White London. The new queen leads her people in new rituals of sacrifice and blood in devotion to the altar of Holland Vosijk, summoning vast power she may not be able to control. Now Lila and Kell, living free on the waves, are charged by the captain of the Floating Market to retrieve an immensely powerful artefact, stolen by secretive forces. Now Tes, a young woman with a knack for fixing broken things, is thrust into the affairs of Antari and kings, traitors and thieves. And only her unique powers can weave the threads of power together. A triumphant return to the worlds of The Shades of Magic, The Fragile Threads of Power continues the stories of fan-favourite characters Kell, Lila, Rhy and Alucard, and introduces a new generation of magic, shadows and embers in the dark.
650 0 _aImaginary places
_vFiction
_924132
650 0 _aSpace and time
_vFiction
_925451
650 0 _aKings and rulers
_vFiction
_925383
650 0 _aMagic
_vFiction
_924059
651 0 _aLondon (England)
_922539
655 0 _aFantasy fiction
_922510
655 0 _aScience fiction
_922728
942 _2lcc
999 _c4559
_d4559